书目信息 |
| 题名: |
现代运动生物力学
|
|
| 作者: | 郑秀瑗 , 贾书惠 , 高云峰 编著 | |
| 分册: | ||
| 出版信息: | 北京 国防工业出版社 2002.10 |
|
| 页数: | xx, 429页 | |
| 开本: | 21cm | |
| 丛书名: | ||
| 单 册: | ||
| 中图分类: | G804.6 | |
| 科图分类: | ||
| 主题词: | 运动生物力学--yun dong sheng wu li xue | |
| 电子资源: | ||
| ISBN: | 7-118-02926-2 | |
| 000 | 01196nam0 2200301 450 | |
| 001 | 012007287587 | |
| 005 | 20070930154936.50 | |
| 010 | @a7-118-02926-2@dCNY28.00 | |
| 100 | @a20070817d2002 km y0chiy0120 ea | |
| 101 | 0 | @achi |
| 102 | @aCN@b110000 | |
| 105 | @aa a 000yy | |
| 200 | 1 | @a现代运动生物力学@Axian dai yun dong sheng wu li xue@d= Modern sports biomechanics@f郑秀瑗 ... [等] 编著@Fzheng xiu yuan...[deng]bian zhu@zeng |
| 210 | @a北京@c国防工业出版社@d2002.10 | |
| 215 | @axx, 429页@c图@d21cm | |
| 304 | @a题名页题 : 郑秀瑗, 贾书惠, 高云峰, 侯曼, 忻鼎亮, 仰红慧编著 | |
| 306 | @a本书由国防科技图书出版基金资助出版。 | |
| 320 | @a有书目 (第425页)。 | |
| 330 | @a本书是《运动生物力学进展》一书的修订本,重点系统介绍运动生物力学的理论研究方法、各种基本参数的实验采集及数据处理及运动生物力学在不同科技领域中的应用。 | |
| 333 | @a生物力学科技工作者、教师、教练员和教官。 | |
| 510 | 1 | @aModern sports biomechanics@zeng |
| 606 | 0 | @a运动生物力学@Ayun dong sheng wu li xue |
| 690 | @aG804.6@v4 | |
| 701 | 0 | @a郑秀瑗@Azheng xiu yuan@4编著 |
| 701 | 0 | @a贾书惠@Ajia shu hui@4编著 |
| 701 | 0 | @a高云峰@Agao yun feng@4编著 |
| 801 | 0 | @aCN@c20070930 |
| 905 | @dG804.6@eZ454 | |
| 现代运动生物力学= Modern sports biomechanics/郑秀瑗 ... [等] 编著.-北京:国防工业出版社,2002.10 |
| xx, 429页:图;21cm |
| 使用对象:生物力学科技工作者、教师、教练员和教官。 |
| ISBN 7-118-02926-2:CNY28.00 |
| 本书是《运动生物力学进展》一书的修订本,重点系统介绍运动生物力学的理论研究方法、各种基本参数的实验采集及数据处理及运动生物力学在不同科技领域中的应用。 |
| ● |
| 相关链接 |
|
|
|
正题名:现代运动生物力学
索取号:G804.6/Z454
 
预约/预借
| 序号 | 登录号 | 条形码 | 馆藏地/架位号 | 状态 | 备注 |
| 1 | 257643 | 202576435 | 体育教学部资料室/ [索取号:G804.6/Z454] | 在馆 | |
| 2 | 257644 | 202576444 | 社科库409/409社科库 19排4列2层/ [索取号:G804.6/Z454] | 在馆 |